| 000 | 01318pam a2200397 a 4500 | ||
|---|---|---|---|
| 001 | 8992 | ||
| 003 | FISKH | ||
| 005 | 20251113100431.0 | ||
| 008 | 850823s1985 dcua j 000 0 eng | ||
| 010 | _a 85021461 | ||
| 020 | _a0870445626 | ||
| 020 |
_a0870445677 _qlib. bdg. |
||
| 020 | _a9780870445620 | ||
| 020 |
_a9780870445675 _q(lib. bdg.) |
||
| 035 | _a2387362 | ||
| 040 |
_aDLC _cDLC _dDLC _beng |
||
| 050 | 0 | 0 |
_aQL696.S473 _bC76 1985 |
| 082 | 0 | 0 |
_a598.4/41 _219 |
| 100 | 1 |
_aCrow, Sandra Lee, _d1948- |
|
| 245 | 1 | 0 |
_aPenguins and polar bears : _banimals of the ice and snow / _cby Sandra Lee Crow. |
| 260 |
_a[Washington : _bNational Geographic Society, _c1985. |
||
| 300 |
_a32 pages : _bcolor illustrations ; _c29 cm |
||
| 440 | 0 | _aBooks for young explorers | |
| 505 | _aO | ||
| 520 | _aDescribes the physical characteristics and life cycle of two animals adapted for survival in polar climates, the penguin at the Antarctic and the polar bear at the Arctic. | ||
| 521 | 8 |
_a600
_bLexile |
|
| 521 | 8 |
_aO
_bRaz-Plus |
|
| 650 | 0 |
_aPenguins _xJuvenile literature. |
|
| 650 | 0 |
_aPolar bear _xJuvenile literature. |
|
| 650 | 1 | _aPenguins. | |
| 650 | 1 | _aPolar bears. | |
| 650 | 1 | _aBears. | |
| 906 |
_a7 _bcbc _corignew _d1 _eocip _f19 _gy-gencatlg |
||
| 942 |
_2ddc _cBK _n0 |
||
| 999 |
_c8992 _d8992 |
||